| 000 | 00683nam a2200241Ia 4500 | ||
|---|---|---|---|
| 003 | OSt | ||
| 005 | 20220927104858.0 | ||
| 006 | a|||||r|||| 00| 0 | ||
| 007 | ta | ||
| 008 | 220926b |||||||| |||| 00| 0 eng d | ||
| 024 | _a147866 | ||
| 037 | _cReference Collections | ||
| 040 |
_aRTL _cRTL _beng |
||
| 041 |
_2eng _aeng |
||
| 082 | _a"Y31:7:7p2.N52, GD" | ||
| 110 |
_aINDIA DEVELOPMENT COMMISSIONER`S CONFERANCE -1952 _9367974 |
||
| 245 | 0 | _aSummary Record | |
| 260 | _c1952 | ||
| 300 |
_a44P _ccm. |
||
| 700 |
_aINDIA DEVELOPMENT COMMISSIONER`S CONFERANCE -1952 _9367975 |
||
| 942 |
_h"Y31:7:7p2.N52, GD" _cCC |
||
| 999 |
_c689153 _d689153 |
||